[Event "Vecindario Montalvo Memorial 16th"]
[Site "Vecindario"]
[Date "2024.03.30"]
[Round "8"]
[White "Cabrera Ramos, Javier"]
[Black "Martinez Gonzalez, Miguel A"]
[Result "1/2-1/2"]
[WhiteElo "1784"]
[BlackElo "2138"]
[PlyCount "110"]
[EventDate "2024.03.23"]
[EventType "swiss"]
[EventRounds "9"]
[EventCountry "ESP"]
[SourceTitle "CB15_2024"]
[SourceDate "2024.04.10"]
[SourceVersion "1"]
[SourceVersionDate "2024.04.10"]
[SourceQuality "1"]

1. d4 Nf6 2. Bg5 Ne4 3. h4 d5 4. Nd2 Qd6 5. Nxe4 dxe4 6. Qd2 Nc6 7. 0-0-0 Qd5 8. Kb1 Bf5 9. f3 0-0-0 10. g4 Be6 11. b3 Qxd4 12. Qxd4 Rxd4 13. Rxd4 Nxd4 14. Be3 Nc6 15. Nh3 f6 16. Nf2 exf3 17. exf3 Bd5 18. Rh3 e5 19. Bd3 Bd6 20. Bf5+ Kb8 21. h5 h6 22. c3 Rd8 23. Ne4 Ne7 24. Nxd6 cxd6 25. Bd3 b6 26. Kc2 Bb7 27. Kd2 Rc8 28. c4 d5 29. Ke2 Rd8 30. Rh1 Nc8 31. Rc1 dxc4 32. bxc4 Bxf3+ 33. Kxf3 Rxd3 34. Ke4 Ra3 35. c5 b5 36. c6 Kc7 37. Bc5 Ra4+ 38. Kf3 Rxa2 39. Bf8 a5 40. Bxg7 Nd6 41. Bxf6 Nf7 42. Ke4 b4 43. Kf5 b3 44. Kg6 Rc2 45. Rb1 a4 46. Kxf7 Kd6 47. g5 hxg5 48. Rd1+ Kxc6 49. Bxe5 b2 50. Rb1 a3 51. h6 Rf2+ 52. Kg7 a2 53. Rxb2 a1Q 54. Rb6+ Kxb6 55. Bxa1 Kc5 1/2-1/2

[Event "Vecindario Montalvo Memorial 16th"]
[Site "Vecindario"]
[Date "2024.03.29"]
[Round "7"]
[White "Roca Marrero, Fernando"]
[Black "Cabrera Ramos, Javier"]
[Result "0-1"]
[WhiteElo "1666"]
[BlackElo "1784"]
[PlyCount "56"]
[EventDate "2024.03.23"]
[EventType "swiss"]
[EventRounds "9"]
[EventCountry "ESP"]
[SourceTitle "CB15_2024"]
[SourceDate "2024.04.10"]
[SourceVersion "1"]
[SourceVersionDate "2024.04.10"]
[SourceQuality "1"]

1. Nf3 Nf6 2. b3 d5 3. Bb2 c5 4. g3 Bg4 5. Bg2 Nc6 6. d3 Qd7 7. Be5 Bxf3 8. Bxf3 Nxe5 9. Bg2 h5 10. h4 Nfg4 11. 0-0 g5 12. d4 Ng6 13. Nc3 e6 14. Qd3 gxh4 15. f4 hxg3 16. f5 exf5 17. Nxd5 Bg7 18. c3 h4 19. Rxf5 0-0 20. Qf3 Nh6 21. Rh5 Qg4 22. Rf1 cxd4 23. Qxg4 Nxg4 24. Be4 dxc3 25. Bxg6 Bd4+ 26. e3 fxg6 27. Rxf8+ Rxf8 28. Rxh4 c2 0-1

[Event "Vecindario Montalvo Memorial 16th"]
[Site "Vecindario"]
[Date "2024.03.26"]
[Round "4"]
[White "Cabrera Ramos, Javier"]
[Black "Richter, Anastasia"]
[Result "1-0"]
[WhiteElo "1784"]
[BlackElo "1614"]
[PlyCount "117"]
[EventDate "2024.03.23"]
[EventType "swiss"]
[EventRounds "9"]
[EventCountry "ESP"]
[SourceTitle "CB15_2024"]
[SourceDate "2024.04.10"]
[SourceVersion "1"]
[SourceVersionDate "2024.04.10"]
[SourceQuality "1"]

1. d4 d5 2. g3 Nf6 3. Bg2 Bf5 4. c4 e6 5. Qb3 Nc6 6. e3 Qd7 7. Bd2 Be7 8. Nc3 Nb4 9. Ne4 Nd3+ 10. Qxd3 Nxe4 11. Qb3 0-0 12. Nf3 c5 13. cxd5 exd5 14. Bc3 c4 15. Qd1 b5 16. a3 a5 17. Nd2 Qe6 18. Nxe4 Bxe4 19. 0-0 Bxg2 20. Kxg2 f5 21. Qd2 Qb6 22. Qc2 h5 23. b4 a4 24. Qe2 Qg6 25. Qf3 Rad8 26. Rae1 Rd7 27. Rh1 Bd8 28. Qd1 Bc7 29. Kf1 Qg4 30. f3 Qh3+ 31. Kf2 h4 32. Reg1 Rd6 33. Ke2 f4 34. gxf4 Qe6 35. Rg4 Rd7 36. Kd2 Re7 37. Re1 Qf5 38. Qc2 Qxc2+ 39. Kxc2 Rfe8 40. Bd2 Bd8 41. f5 Kf8 42. e4 Rf7 43. Bg5 Bxg5 44. Rxg5 dxe4 45. fxe4 Rf6 46. Kc3 g6 47. fxg6 Rf3+ 48. Kc2 Kg7 49. Rxb5 Rf4 50. e5 Rxd4 51. Kc3 Rg4 52. Re2 Re6 53. Rc5 Rgxg6 54. Kxc4 Rg1 55. Kd5 Rgg6 56. Rc4 Rh6 57. Rxh4 Rxe5+ 58. Rxe5 Rxh4 59. Re3 1-0

[Event "Vecindario Montalvo Memorial 14th"]
[Site "Vecindario"]
[Date "2022.09.11"]
[Round "9"]
[White "Cabrera Ramos, Javier"]
[Black "Almeida Cubas, Mirella"]
[Result "1-0"]
[WhiteElo "1728"]
[BlackElo "1704"]
[PlyCount "89"]
[EventDate "2022.09.04"]
[EventType "swiss"]
[EventRounds "9"]
[EventCountry "ESP"]
[SourceTitle "CBM 210 Extra"]
[Source "ChessBase"]
[SourceDate "2022.11.30"]
[SourceVersion "1"]
[SourceVersionDate "2022.11.30"]
[SourceQuality "1"]

1. e3 c5 2. b4 b6 3. b5 Bb7 4. Nf3 Nf6 5. Bb2 g6 6. c4 Bg7 7. h4 h5 8. Nc3 0-0 9. Qc2 d5 10. cxd5 Nxd5 11. Bc4 e6 12. a3 Nd7 13. 0-0-0 N7f6 14. Ng5 Ng4 15. Rhf1 Ne5 16. Be2 a6 17. f4 Nd7 18. Bxh5 N7f6 19. Bxg6 fxg6 20. Nxe6 Qd7 21. Nxf8 Kxf8 22. Qxg6 Qf7 23. Qxf7+ Kxf7 24. Nxd5 Bxd5 25. bxa6 Rxa6 26. g4 Bf8 27. g5 Ne4 28. d3 Ng3 29. Rf2 Bb3 30. Rg1 Nf5 31. g6+ Kg8 32. e4 Nd4 33. h5 Bh6 34. Bxd4 cxd4 35. Kb2 Ba4 36. Rc1 Bb5 37. Rc8+ Kg7 38. f5 Kf6 39. e5+ Kxe5 40. f6 Bd7 41. g7 Be6 42. Re8 Ra8 43. Rxa8 Be3 44. f7 Bxf2 45. f8Q 1-0

[Event "Vecindario Montalvo Memorial 14th"]
[Site "Vecindario"]
[Date "2022.09.08"]
[Round "6"]
[White "Blanco Garcia Bajo, David"]
[Black "Cabrera Ramos, Javier"]
[Result "0-1"]
[WhiteElo "1446"]
[BlackElo "1728"]
[PlyCount "44"]
[EventDate "2022.09.04"]
[EventType "swiss"]
[EventRounds "9"]
[EventCountry "ESP"]
[SourceTitle "CBM 210 Extra"]
[Source "ChessBase"]
[SourceDate "2022.11.30"]
[SourceVersion "1"]
[SourceVersionDate "2022.11.30"]
[SourceQuality "1"]

1. e4 d5 2. exd5 Nf6 3. d4 Bg4 4. f3 Bf5 5. c4 e6 6. dxe6 Nc6 7. exf7+ Kxf7 8. Be3 Bb4+ 9. Nc3 Re8 10. Kf2 Rxe3 11. Kxe3 Bc2 12. Qd2 Ng4+ 13. Kf4 Bd6+ 14. Kxg4 Qd7+ 15. Kh4 g5+ 16. Qxg5 Be7 17. Qxe7+ Qxe7+ 18. Kg3 Qe3 19. Kh3 Bf5+ 20. Kh4 Rg8 21. g4 Nxd4 22. Bg2 Bxg4 0-1

[Event "Canarias-chT"]
[Site "Vecindario"]
[Date "2019.06.15"]
[Round "5.2"]
[White "Perez Garcia, Saul"]
[Black "Cabrera Ramos, Javier"]
[Result "1-0"]
[WhiteElo "1805"]
[BlackElo "1696"]
[PlyCount "37"]
[EventDate "2019.06.13"]
[EventType "team-swiss"]
[EventRounds "6"]
[EventCountry "ESP"]
[SourceTitle "EXT 2020"]
[Source "ChessBase"]
[SourceDate "2019.10.17"]
[SourceVersion "1"]
[SourceVersionDate "2019.10.17"]
[SourceQuality "1"]
[WhiteTeam "Ebano Barrio Nuevo  II"]
[BlackTeam "Panaderia Pulido San Mateo"]
[WhiteTeamCountry "ESP"]
[BlackTeamCountry "ESP"]

1. d4 Nf6 2. Bg5 Ne4 3. Bf4 d5 4. f3 Nd6 5. Nc3 e6 6. e4 dxe4 7. fxe4 Nxe4 8. Nxe4 Qh4+ 9. g3 Qd8 10. Nf3 b6 11. Bg2 Ba6 12. Ne5 Nd7 13. Nc6 Qc8 14. Qd2 Bb7 15. Qc3 a5 16. 0-0 h6 17. Rae1 f5 18. Qc4 Kf7 19. Ng5+ 1-0

[Event "Liga Insular Gran Canaria 1b"]
[Site "Las Palmas"]
[Date "2019.04.27"]
[Round "6.1"]
[White "Cabrera Ramos, Javier"]
[Black "Ruiz Romero, Pedro"]
[Result "1/2-1/2"]
[WhiteElo "1696"]
[BlackElo "1796"]
[PlyCount "62"]
[EventDate "2019.03.02"]
[EventType "team-tourn"]
[EventRounds "7"]
[EventCountry "ESP"]
[SourceTitle "EXT 2021"]
[Source "ChessBase"]
[SourceDate "2020.10.23"]
[SourceVersion "1"]
[SourceVersionDate "2020.10.23"]
[SourceQuality "1"]
[WhiteTeam "Panaderia Pulido San Mateo"]
[BlackTeam "Anand II"]
[WhiteTeamCountry "ESP"]
[BlackTeamCountry "ESP"]

1. Nf3 d5 2. b3 c5 3. Bb2 Nc6 4. d4 e6 5. e3 Nf6 6. c4 cxd4 7. Nxd4 Bb4+ 8. Nc3 Qa5 9. Rc1 Ne4 10. Qc2 Nxd4 11. exd4 Qxa2 12. f3 Bxc3+ 13. Bxc3 Qxc2 14. Rxc2 Nf6 15. Kf2 Bd7 16. Bb4 Bc6 17. Bd3 Kd7 18. g4 dxc4 19. bxc4 Nxg4+ 20. Ke2 Nf6 21. Rg1 g6 22. Bc3 Rhe8 23. Kf2 Nh5 24. d5 exd5 25. cxd5 Ba4 26. Ra2 b5 27. Rxa4 bxa4 28. Bb5+ Kc7 29. Ba5+ Kd6 30. Bb4+ Kc7 31. Ba5+ Kd6 1/2-1/2

[Event "Las Palmas Insular-chT Primera-B"]
[Site "Las Palmas"]
[Date "2015.12.05"]
[Round "5.2"]
[White "Acosta Quintana, Maximino"]
[Black "Cabrera Ramos, Javier"]
[Result "1-0"]
[WhiteElo "1602"]
[BlackElo "1763"]
[PlyCount "79"]
[EventDate "2015.10.17"]
[EventType "team-tourn"]
[EventRounds "14"]
[EventCountry "ESP"]
[SourceTitle "CBM 170 Extra"]
[Source "ChessBase"]
[SourceDate "2016.02.25"]
[SourceVersion "1"]
[SourceVersionDate "2016.02.25"]
[SourceQuality "1"]
[WhiteTeam "Goya Villa de Teror IV"]
[BlackTeam "Dominicas"]
[WhiteTeamCountry "ESP"]
[BlackTeamCountry "ESP"]

1. e4 c5 2. Nf3 Nc6 3. c3 d5 4. exd5 Qxd5 5. d4 Bg4 6. Be2 e6 7. c4 Qd7 8. d5 exd5 9. cxd5 Nb4 10. Nc3 0-0-0 11. Bc4 Nf6 12. Bg5 Qf5 13. Bxf6 gxf6 14. Rc1 Re8+ 15. Be2 Nd3+ 16. Kf1 Nxc1 17. Qxc1 Bd6 18. h3 Rxe2 19. hxg4 Rc2 20. Qe3 Qxg4 21. Rh4 Qg6 22. Nb5 Kd7 23. Re4 Rxb2 24. Nc3 Rc2 25. Ne2 Rxa2 26. g3 Qh5 27. Kg2 Qxd5 28. Nc3 Qb3 29. Nd2 Rxd2 30. Qxd2 Kc6 31. Qc1 Be5 32. Na4 Qd5 33. f3 Rd8 34. Kh3 b5 35. Qa3 Qd7+ 36. g4 bxa4 37. Rxa4 Qd3 38. Ra6+ Kc7 39. Qxc5+ Kd7 40. Rxa7+ 1-0

[Event "Gran Canaria Cabildo sf"]
[Site "Gran Canaria"]
[Date "2009.03.05"]
[Round "5"]
[White "Aleman Alamo, Nicolas"]
[Black "Cabrera Ramos, Javier"]
[Result "0-1"]
[WhiteElo "1742"]
[BlackElo "1751"]
[PlyCount "74"]
[EventDate "2009.02.11"]
[EventType "swiss"]
[EventRounds "5"]
[EventCountry "ESP"]
[SourceTitle "EXT 2011"]
[Source "ChessBase"]
[SourceDate "2010.11.26"]
[SourceVersion "1"]
[SourceVersionDate "2010.11.26"]
[SourceQuality "1"]

1. d4 Nf6 2. c4 e5 3. dxe5 Ng4 4. Nf3 Nc6 5. Bf4 Bb4+ 6. Nbd2 Qe7 7. a3 Bc5 8. e3 Ngxe5 9. Be2 a5 10. 0-0 0-0 11. Qc2 d6 12. h3 a4 13. Ng5 Ng6 14. Nge4 Nxf4 15. exf4 Nd4 16. Qd1 Nxe2+ 17. Qxe2 f5 18. Ng3 Qh4 19. Qf3 Bd7 20. Ne2 Bb6 21. Qg3 Qxg3 22. Nxg3 g6 23. Rfe1 Rae8 24. Kf1 Bd4 25. Rxe8 Rxe8 26. Rb1 b5 27. Kg1 bxc4 28. Nxc4 Bb5 29. Nd2 Bd3 30. Rc1 Bxb2 31. Rxc7 Bxa3 32. Rc3 Bc5 33. Rxd3 Re1+ 34. Ngf1 a3 35. Re3 Bxe3 36. fxe3 Rb1 37. Nxb1 a2 0-1